1010 1779 1645 1645 1689 1264 1290 1726 1268 1380 1322 1590 1837 1075 1126 1863 1347 1383 1493 1971 1632 1953 1054 1539 1262 1253 1408 1642 1488 1411 1451 1752 1915 1790 1163 1590 1995 1718 1220 1371 1177 1066 1468 1831 1426 1571 1516 1674 1458 1839 1224 1417 1971 1267 1392 1673 1262 1155 1447 1685 1228 1749 1578 1175 1888 1658 1443 1330 1209 1603 1234 1171 1014 1225 1313 1334 1166 1286 1507 1782 1476 1505 1514 1331 1431 1325 1210 1161 1824 1687 1297 1678 1104 1209 1425 1004 1429 1819 1345 BCNSPRNW ULIB Ver.6.0+V

เปลี่ยนเป็นภาษาไทย

Change to English
 แสดงรายละเอียดบรรณานุกรม
  กลับหน้าหลัก

Brief Record : Get Marc (ISO 2709) : E-mail record : QR code < ปิดหน้าต่าง
LEADER : 00000nam 2200000uu 4500
001    13399112141
003     ULIB
008    110627s2553||||th 000 0 tha d
020    9786165000499
090    นว.^bพ959ป 2553
100 0  แพรณัฐ
245 00 เปลวไฟในสายลม/^cแพรณัฐ
250    พิมพ์ครั้งที่ 1
260    กรุงเทพฯ :^bพิมพ์คำ,^c2553
300    400 หน้า
710 1  พิมพ์คำ
945    ^p260^l0^i028050
995    ทศพร
999 ^a ใช้งานได้ทุกระบบ
รายการนี้ยังไม่มีแท็ก
คุณยังไม่ได้ล็อกอิน คุณสามารถมีกิจกรรมร่วมกับเว็บไซต์ได้ แต่ต้องล็อกอินก่อน ::
  ล็อกอิน

รายการสื่อสารสนเทศ

ลำดับที่ ประเภท เลขเรียก/บาร์โค้ด สถานที่ สถานะ
- ไม่พบข้อมูล -

รายการใกล้เคียง
    ผู้แต่ง [แพรณัฐ]

BibComment


ยังไม่เคยถูกคอมเมนท์

คอมเมนท์ทรัพยากรรายการนี้
  คอมเมนท์: เปลวไฟในสายลม แพร..


 Copyright 2026. Bcnsprnw @Library